01078nam a2200265 a 450000100060000000300080000600500170001400800410003103500190007204000450009104100080013608200260014410000360017024501060020625000110031226000390032330000340036250400860039665000750048270000440055770000430060194200120064499900170065695201390067369687BD-RjUL20211209081920.0170413s1964 enka b 000 0 eng  a(BD-RjUL)69899 aDLCcODaWUdOCoLCdUkdDLCdBD-RjULbeng aeng 223a541.076bWON 19641 aWolfenden, John Hulton.920641410aNumerical problems in advanced physical chemistry /cJ.H. Wolfenden, R.E. Richards and E.E. Richards. a2d ed. aOxford :bClarendon Press,cc1964. axvi, 258 p. :bill. ;c23 cm. aBibliographical references included in "Notes on the use of the book" (p. xv-xvi) 0aChemistry, Physical and theoreticalxProblems, exercises, etc.9206415 aRichards, R.E. qJoint authors9206416 aRichards, E.E. qJoint authors9206417 2ddccBK c69687d69687 00102ddc40718NFICaRUCLbRUCLcReadingd1966-07-01eAsia Foundationl0o541.076 WON 1964r2017-04-13 00:00:00tC-1w2017-04-13yBK